Music Quiz

Random Music or Clickable Quiz

Find the Missing Fauna in Songs Quiz Stats

Quiz Updated Jan 2, 2018

Score 0/20 Timer 04:00
12 Plays Today
% Correct
Eye of the TIGER
96.8%
Fly Like an EAGLE
95.5%
The LION Sleeps Tonight
94.4%
Hungry Like the WOLF
89.1%
A HORSE with No Name
88.8%
Karma CHAMELEON
88.3%
When DOVES Cry
88.2%
I Am the WALRUS
87.8%
CROCODILE Rock
87.4%
DOG Days Are Over
87%
% Correct
Bullet with BUTTERFLY Wings
85.8%
BUFFALO Soldier
85%
MONKEY Wrench
82.8%
CAT Scratch Fever
81.4%
Rock LOBSTER
76.5%
CHICKEN Dance
73.3%
FOX on the Run
67.7%
War PIGS
60%
Peace FROG
58.2%
MUSKRAT Love
57.8%

You're not logged in!

Compare scores with friends on all Sporcle quizzes.
Join for Free
OR
Log In

You Might Also Like...

Show Comments

Extras

Top Quizzes Today


Score Distribution

Your Account Isn't Verified!

In order to create a playlist on Sporcle, you need to verify the email address you used during registration. Go to your Sporcle Settings to finish the process.

Report this User

Report this user for behavior that violates our Community Guidelines.

Details: